| 000 | 00892nam a2200277Ia 4500 | ||
|---|---|---|---|
| 003 | OSt | ||
| 005 | 20220918111923.0 | ||
| 006 | a|||||r|||| 00| 0 | ||
| 007 | ta | ||
| 008 | 220915b |||||||| |||| 00| 0 eng d | ||
| 024 | _a24827 | ||
| 037 | _cTextbook | ||
| 040 |
_beng _aARTS _cARTS |
||
| 041 | _aeng | ||
| 082 | _aO111,1K88,2, K9 (OD) | ||
| 100 |
_aPope Alexander _911206 |
||
| 245 | 0 | _aRape of the lock ed. by DavidG. Lougee and Robert W. Mchenry | |
| 260 |
_aOhio _bCharles E. Merrill Piblishing |
||
| 300 |
_axii,141p. _ccm. |
||
| 490 | _aMerrill literary casebook series ed by P.J Corbett | ||
| 650 | _aENGLISH LITERATURE | ||
| 700 |
_a Lougee David G. Ed. _911207 |
||
| 700 |
_a McHenry Robert W. Ed. _911208 |
||
| 942 |
_hO111,1K88,2, K9 (OD) _cTB _2CC |
||
| 999 |
_c117240 _d117240 |
||